Excellence in business communication / (Record no. 62)
[ view plain ]
| 000 -LEADER | |
|---|---|
| fixed length control field | 00985cac a22002535a 4500 |
| 005 - DATE AND TIME OF LATEST TRANSACTION | |
| control field | 20201128013159.0 |
| 008 - FIXED-LENGTH DATA ELEMENTS--GENERAL INFORMATION | |
| fixed length control field | 090114t2005 njua frb 001 0 eng d |
| 020 ## - INTERNATIONAL STANDARD BOOK NUMBER | |
| International Standard Book Number | 0131273213 |
| 020 ## - INTERNATIONAL STANDARD BOOK NUMBER | |
| International Standard Book Number | 9780131273214 |
| 040 ## - CATALOGING SOURCE | |
| Original cataloging agency | EG-ScBUE |
| Language of cataloging | eng |
| Transcribing agency | EG-ScBUE |
| Modifying agency | EG-ScBUE |
| 082 04 - DEWEY DECIMAL CLASSIFICATION NUMBER | |
| Classification number | 658.45 |
| Item number | THI |
| Edition number | 22 |
| 100 1# - MAIN ENTRY--PERSONAL NAME | |
| Personal name | Thill, John V. |
| 9 (RLIN) | 3018 |
| 245 10 - TITLE STATEMENT | |
| Title | Excellence in business communication / |
| Statement of responsibility, etc | John V. Thill, Courtland L. Bovée |
| 250 ## - EDITION STATEMENT | |
| Edition statement | 6th ed., International ed. |
| 260 ## - PUBLICATION, DISTRIBUTION, ETC. (IMPRINT) | |
| Place of publication, distribution, etc | Upper Saddle River : |
| Name of publisher, distributor, etc | Pearson Prentice Hall, |
| Date of publication, distribution, etc | c.2005. |
| 300 ## - PHYSICAL DESCRIPTION | |
| Extent | 1 v. (Various pagings) : |
| Other physical details | ill. ; |
| Dimensions | 28 cm. |
| 500 ## - GENERAL NOTE | |
| General note | Supplemented by a companion Web site. Various other multi-media instructional materials are available to supplement the text. |
| 504 ## - BIBLIOGRAPHY, ETC. NOTE | |
| Bibliography, etc | Includes bibliographical references and indexes. |
| 650 #7 - SUBJECT ADDED ENTRY--TOPICAL TERM | |
| Topical term or geographic name as entry element | Business communication |
| Geographic subdivision | United States |
| 9 (RLIN) | 3019 |
| Source of heading or term | BUEsh |
| 651 ## - SUBJECT ADDED ENTRY--GEOGRAPHIC NAME | |
| Source of heading or term | BUEsh |
| 653 ## - INDEX TERM--UNCONTROLLED | |
| Resource For college | Generalities |
| -- | BAEPS, Business Administration |
| Arrived date list | January2018 |
| 700 1# - ADDED ENTRY--PERSONAL NAME | |
| Personal name | Bovee, Courtland L. |
| 9 (RLIN) | 31867 |
| 942 ## - ADDED ENTRY ELEMENTS (KOHA) | |
| Item type | Book - Borrowing |
| Call number prefix | 658.45 THI |
| Source of classification or shelving scheme | Dewey Decimal Classification |
| Withdrawn status | Item status | Source of classification or shelving scheme | Damaged status | Not for loan | Vendor | Home library | Current library | Shelving location | Date acquired | Source of acquisition | Cost, normal purchase price | Total Checkouts | Full call number | Barcode | Date last seen | Date last borrowed | Cost, replacement price | Koha item type | Total Renewals |
|---|---|---|---|---|---|---|---|---|---|---|---|---|---|---|---|---|---|---|---|
| Dewey Decimal Classification | Central Library | Central Library | First floor | 20/11/2005 | 217.00 | 3 | 658.45 THI | 000004739 | 15/07/2025 | 30/03/2010 | 271.25 | Book - Borrowing | |||||||
| Dewey Decimal Classification | Central Library | Central Library | First floor | 20/11/2005 | 217.00 | 1 | 658.45 THI | 000004738 | 15/07/2025 | 271.25 | Book - Borrowing | ||||||||
| Dewey Decimal Classification | Central Library | Central Library | First floor | 20/11/2005 | 217.00 | 658.45 THI | 000004737 | 15/07/2025 | 271.25 | Book - Borrowing | |||||||||
| Dewey Decimal Classification | Central Library | Central Library | First floor | 20/11/2005 | 217.00 | 1 | 658.45 THI | 000004736 | 15/07/2025 | 08/11/2012 | 271.25 | Book - Borrowing | |||||||
| Dewey Decimal Classification | Central Library | Central Library | First floor | 20/11/2005 | 217.00 | 1 | 658.45 THI | 000004735 | 15/07/2025 | 12/03/2014 | 271.25 | Book - Borrowing | |||||||
| Dewey Decimal Classification | Central Library | Central Library | First floor | 20/11/2005 | 217.00 | 4 | 658.45 THI | 000004715 | 15/07/2025 | 06/07/2011 | 271.25 | Book - Borrowing | 3 | ||||||
| Dewey Decimal Classification | Central Library | Central Library | First floor | 20/11/2005 | 217.00 | 658.45 THI | 000004714 | 15/07/2025 | 271.25 | Book - Borrowing | |||||||||
| Dewey Decimal Classification | Central Library | Central Library | First floor | 14/01/2009 | 217.00 | 658.45 THI | 000005148 | 15/07/2025 | 271.25 | NB - Book (Non borrowing) | |||||||||
| Dewey Decimal Classification | Central Library | Central Library | First floor | 14/01/2009 | 217.00 | 658.45 THI | 000004734 | 15/07/2025 | 271.25 | Book - Borrowing | |||||||||
| Dewey Decimal Classification | Central Library | Central Library | First floor | 24/01/2018 | 658.45 THI | 000047170 | 15/07/2025 | Book - Borrowing |